Voces del Perú : (Record no. 22916)

000 -CABECERA
fixed length control field 01672nam a22003017c 4500
003 - IDENTIFICADOR DEL NÚMERO DE CONTROL
control field AR-CdUCM
008 - DATOS DE LONGITUD FIJA--INFORMACIÓN GENERAL
fixed length control field 240522b20222022 pe||||| |||| 00| 0 spa d
020 ## - NÚMERO INTERNACIONAL ESTÁNDAR DEL LIBRO
ISBN 978-612-49070-6-7
040 ## - FUENTE DE LA CATALOGACIÓN
Agencia/entidad que catalogó originalmente la obra MUNICIPALIDAD PROVINCIAL DEL CUSCO
Entidad que transcribió la catalogación BIBLIOTECA MUNICIPAL DEL CUSCO
082 ## - NÚMERO DE LA CLASIFICACIÓN DECIMAL DEWEY
No. de Clasificación 398.20985 / H37
Notacion interna H37
100 ## - ENTRADA PRINCIPAL--NOMBRE DE PERSONA
Nombre Personal Helfgott Seier, Federico.
245 ## - MENCIÓN DE TÍTULO
Título Voces del Perú :
Resto del título Memoria y tradición oral /
260 ## - PUBLICACIÓN, DISTRIBUCIÓN, ETC.
Lugar de publicación, distribución, etc. Lima :
Nombre de la editorial, distribuidor, etc. Ministerio de Cultura del Perú,
-- Proyecto Especial Bicentenario de la Independencia del Perú,
Fecha de publicación, distribución, etc. 2022
300 ## - DESCRIPCIÓN FÍSICA
Nº de Páginas Extensión 224 páginas. :
Dimensiones 21 cm.
500 ## - NOTA GENERAL
Bibliografía Bibliografía: páginas 213 - 221
505 ## - NOTA DE CONTENIDO CON FORMATO
Nota de contenido formateada Narrar el mundo: la tradición oral desde el relato -- Oralidad y tradición -- Narraciones entrelazadas -- Mundos paralelos -- El lugar de la verdad -- El paisaje como libro -- Narrando y danzando los orígenes -- Narrar la vida y la historia: la memoria desde el testimonio -- La memoria y el olvido -- El testimonio como reivindicación -- Memorias de lucha campesina -- El recuerdo del abuso -- La memoria colectiva -- La historia oral colectiva -- "No todo esta perdido"
650 ## - PUNTO DE ACCESO ADICIONAL DE MATERIA--TÉRMINO DE MATERIA
Descriptor Narrar el mundo: la tradición oral desde el relato
9 (RLIN) 49947
650 ## - PUNTO DE ACCESO ADICIONAL DE MATERIA--TÉRMINO DE MATERIA
Descriptor Oralidad y tradición
9 (RLIN) 49948
650 ## - PUNTO DE ACCESO ADICIONAL DE MATERIA--TÉRMINO DE MATERIA
Descriptor El lugar de la verdad
9 (RLIN) 49949
650 ## - PUNTO DE ACCESO ADICIONAL DE MATERIA--TÉRMINO DE MATERIA
Descriptor Narrar la vida y la historia: la memoria desde el testimonio
9 (RLIN) 49950
650 ## - PUNTO DE ACCESO ADICIONAL DE MATERIA--TÉRMINO DE MATERIA
Descriptor El testimonio como reivindicación
9 (RLIN) 49951
650 ## - PUNTO DE ACCESO ADICIONAL DE MATERIA--TÉRMINO DE MATERIA
Descriptor Memorias de lucha campesina
9 (RLIN) 49952
650 ## - PUNTO DE ACCESO ADICIONAL DE MATERIA--TÉRMINO DE MATERIA
Descriptor La historia oral colectiva
9 (RLIN) 49953
700 ## - PUNTO DE ACCESO ADICIONAL--NOMBRE DE PERSONA
Nombre Personal Elizabeth Lino Cornejo
9 (RLIN) 49954
856 ## - LOCALIZACIÓN Y ACCESO ELECTRÓNICOS
Dirección electrónica www.bicentenario.gob.pe/biblioteca
942 ## - ELEMENTOS DE PUNTO DE ACCESO ADICIONAL (KOHA)
Fuente de clasificación
Tipo de item Libros-BMC
945 ## - PROCESAMIENTO DE INFORMACIÓN LOCAL (OCLC)
Catalogador pbj
AAAA-MM-DD - Fecha de ingreso o modificacion 2024-05-22
Holdings
Estado de retiro (separado) Fuente de clasificación o esquema de estanterías Estado dañado Ubicación Sala donde se ubica Nombre de la colección Fecha de adquisición o compra Fuente de adquisición Costo, precio normal en soles Signatura topográfica Código de Barras Última vez visto (Koha) Tipo de ítem (Koha)
No     Sala Humanidades Sala Humanidades Book Cart 2024-05-22 Depósito Legal 20.00 398.20985 / H37 SH0000016753 2024-05-22 Libros-BMC

Powered by Koha